[Event "VI Floripa Open 2020"]
[Site "Florianopolis"]
[Date "2020.01.20"]
[Round "1.106"]
[White "Melo, Igor de Souza"]
[Black "Dias Filho, Pedro Stein"]
[Result "1-0"]
[WhiteElo "1755"]
[BlackElo "1445"]
[Annotator "NA"]
[PlyCount "136"]
[EventDate "2020.01.20"]
[EventType "swiss"]
[EventRounds "10"]
[EventCountry "BRA"]
[SourceTitle "playchess.com"]
[Source "ChessBase"]
[SourceQuality "1"]
[TimeControl "5400+30"]

1. e4 e6 2. d4 d5 3. Nd2 Nf6 4. e5 Nfd7 5. Bd3 c5 6. c3 Nc6 7. Ne2 cxd4 8. cxd4 Be7 9. O-O f6 10. exf6 Nxf6 11. Nf3 O-O 12. Bg5 Ng4 13. Bxe7 Qxe7 14. Ng3 Bd7 15. h3 Nf6 16. Re1 Qb4 17. b3 Rae8 18. a3 Qb6 19. Bc2 h6 20. Qd2 Qd8 21. Re3 Re7 22. Rae1 Qc8 23. Qd3 Be8 24. Ne5 Nxd4 25. Bb1 Nf5 26. Nxf5 exf5 27. Qxf5 Qxf5 28. Bxf5 Bf7 29. Nxf7 Rxe3 30. Nxh6+ gxh6 31. Rxe3 d4 32. Rd3 Rd8 33. g4 Kg7 34. Kh2 Ng8 35. Kg3 Ne7 36. Be4 Nc6 37. Bxc6 bxc6 38. b4 Kg6 39. f4 a5 40. Kf3 a4 41. Ke4 h5 42. Rxd4 Re8+ 43. Kd3 hxg4 44. hxg4 Rh8 45. Rd6+ Kf7 46. Rxc6 Rh3+ 47. Kc2 Rxa3 48. Ra6 Ra2+ 49. Kc3 Ra3+ 50. Kc4 Rf3 51. Rxa4 Rxf4+ 52. Kc5 Rxg4 53. Ra1 Ke7 54. Rd1 Rg5+ 55. Kb6 Rg6+ 56. Kb7 Rg5 57. Kc6 Rg6+ 58. Kc7 Rg5 59. Re1+ Kf8 60. Kb6 Rg6+ 61. Ka5 Rg2 62. b5 Ra2+ 63. Kb6 Rb2 64. Kc6 Rc2+ 65. Kb7 Rc5 66. b6 Rb5 67. Kc7 Rc5+ 68. Kb8 Rd5 1-0

[Event "VI Floripa Open 2020"]
[Site "Florianopolis"]
[Date "2020.01.20"]
[Round "1.107"]
[White "Meirelles, Olyntho Vitoria"]
[Black "Durante, Taina"]
[Result "0-1"]
[WhiteElo "1440"]
[BlackElo "1752"]
[Annotator "NA"]
[PlyCount "91"]
[EventDate "2020.01.20"]
[EventType "swiss"]
[EventRounds "10"]
[EventCountry "BRA"]
[SourceTitle "playchess.com"]
[Source "ChessBase"]
[SourceQuality "1"]
[TimeControl "5400+30"]

1. e4 c5 2. f4 d6 3. Bc4 e6 4. Nf3 g6 5. c3 Bg7 6. d4 cxd4 7. cxd4 Ne7 8. O-O O-O 9. Nc3 d5 10. exd5 exd5 11. Bb3 Nbc6 12. Be3 Be6 13. Qd2 Na5 14. Qc2 Rc8 15. a3 Nf5 16. Bf2 Qb6 17. Ba2 Nxd4 18. Nxd4 Bxd4 19. Bxd4 Qxd4+ 20. Kh1 Rfd8 21. Rad1 Qb6 22. Qe2 Nc4 23. Bxc4 dxc4 24. Rc1 Rd7 25. Ne4 Qd8 26. Qf2 Bf5 27. Ng3 Bd3 28. Rfe1 b6 29. f5 Qf6 30. Ne4 Bxe4 31. Rxe4 Qxf5 32. Qxf5 gxf5 33. Rf4 c3 34. bxc3 Rxc3 35. Re1 Rxa3 36. Rxf5 Rad3 37. Re8+ Kg7 38. h3 a5 39. Re4 Rc7 40. Rg4+ Kh8 41. Re5 Rd8 42. Rh5 Ra8 43. Rgh4 f6 44. Rg4 Rb7 45. Rf5 Rf7 46. Kg1 0-1

[Event "VI Floripa Open 2020"]
[Site "Florianopolis"]
[Date "2020.01.20"]
[Round "1.108"]
[White "Cordeiro, Yan Henrique"]
[Black "Constantino, Pedro Henrique"]
[Result "1-0"]
[WhiteElo "1749"]
[BlackElo "1432"]
[Annotator "NA"]
[PlyCount "61"]
[EventDate "2020.01.20"]
[EventType "swiss"]
[EventRounds "10"]
[EventCountry "BRA"]
[SourceTitle "playchess.com"]
[Source "ChessBase"]
[SourceQuality "1"]
[TimeControl "5400+30"]

1. e4 c5 2. Nf3 d6 3. Bb5+ Bd7 4. Bxd7+ Nxd7 5. d4 cxd4 6. Qxd4 Ngf6 7. Nc3 e5 8. Qa4 Be7 9. Nd5 Nxd5 10. exd5 O-O 11. O-O Nb6 12. Qb3 Qd7 13. Be3 Rac8 14. Bxb6 axb6 15. c3 b5 16. Rfe1 Kh8 17. Nd2 f5 18. Nf3 f4 19. a4 bxa4 20. Rxa4 b5 21. Ra5 Rc5 22. Rea1 Rb8 23. Nd2 Qg4 24. f3 Qd7 25. Ne4 Rc7 26. Rxb5 Rd8 27. Rb8 g5 28. Raa8 g4 29. Qb6 gxf3 30. Qxc7 f2+ 31. Kf1 1-0

[Event "VI Floripa Open 2020"]
[Site "Florianopolis"]
[Date "2020.01.20"]
[Round "1.110"]
[White "Souza Jr, Helemberg Cubica De"]
[Black "Ribeiro, Gilnei Guedes"]
[Result "1-0"]
[WhiteElo "1747"]
[BlackElo "1422"]
[Annotator "NA"]
[PlyCount "105"]
[EventDate "2020.01.20"]
[EventType "swiss"]
[EventRounds "10"]
[EventCountry "BRA"]
[SourceTitle "playchess.com"]
[Source "ChessBase"]
[SourceQuality "1"]
[TimeControl "5400+30"]

1. e4 c5 2. Nf3 e6 3. d4 cxd4 4. Nxd4 a6 5. Nc3 Bb4 6. a3 Ba5 7. Be2 Nf6 8. b4 Bc7 9. Bg5 O-O 10. O-O h6 11. Bh4 b5 12. f4 d6 13. Bf3 e5 14. Nb3 Nbd7 15. Nd5 Bb7 16. fxe5 dxe5 17. Nxc7 Qxc7 18. Qe2 Rac8 19. Rac1 Qc6 20. Na5 Qc7 21. Nxb7 Qxb7 22. c4 bxc4 23. Rxc4 Rc6 24. Rfc1 Rfc8 25. Bf2 Ne8 26. Qd2 Nd6 27. Rxc6 Rxc6 28. Rd1 Qc7 29. Qd5 Kf8 30. Bg3 f6 31. Bf2 Rc1 32. h3 Ke7 33. Kh2 Rxd1 34. Bxd1 Qc4 35. Qxc4 Nxc4 36. a4 Nf8 37. Be2 Nd6 38. Bc5 Ne6 39. Bxd6+ Kxd6 40. Bxa6 Nc7 41. Bd3 Kc6 42. Kg3 g6 43. Kf2 Ne6 44. a5 Nd4 45. a6 Kb6 46. b5 Ne6 47. Ke3 Ng5 48. Bc4 Nh7 49. Bf7 Nf8 50. Kd3 g5 51. Kc4 Nd7 52. Be8 Nc5 53. Kd5 1-0

[Event "VI Floripa Open 2020"]
[Site "Florianopolis"]
[Date "2020.01.20"]
[Round "1.111"]
[White "Ferreira De Souza, Ricardo"]
[Black "Bejarano, Mauricio"]
[Result "1-0"]
[WhiteElo "1420"]
[BlackElo "1746"]
[Annotator "NA"]
[PlyCount "49"]
[EventDate "2020.01.20"]
[EventType "swiss"]
[EventRounds "10"]
[EventCountry "BRA"]
[SourceTitle "playchess.com"]
[Source "ChessBase"]
[SourceQuality "1"]
[TimeControl "5400+30"]

1. e4 c5 2. Nf3 d6 3. Bb5+ Nd7 4. d4 cxd4 5. Qxd4 Ngf6 6. c4 g6 7. O-O Bg7 8. Nc3 O-O 9. Qd2 Nc5 10. Re1 a6 11. Ba4 Be6 12. b4 Nxa4 13. Nxa4 Nxe4 14. Rxe4 Bxa1 15. Nb2 h5 16. Qh6 f5 17. Qxg6+ Kh8 18. Rxe6 Rf6 19. Qxh5+ Kg7 20. Ng5 Qh8 21. Rxe7+ Kg8 22. Rh7 Qxh7 23. Qxh7+ Kf8 24. Qh8+ Ke7 25. Qxa8 1-0

[Event "VI Floripa Open 2020"]
[Site "Florianopolis"]
[Date "2020.01.20"]
[Round "1.112"]
[White "Encina, Adrian Andres"]
[Black "Jardim, Tamiris Salvador"]
[Result "0-1"]
[WhiteElo "1740"]
[BlackElo "1418"]
[Annotator "NA"]
[PlyCount "88"]
[EventDate "2020.01.20"]
[EventType "swiss"]
[EventRounds "10"]
[EventCountry "BRA"]
[SourceTitle "playchess.com"]
[Source "ChessBase"]
[SourceQuality "1"]
[TimeControl "5400+30"]

1. e4 c5 2. Nf3 e6 3. c3 Nf6 4. e5 Nd5 5. Bc4 Nb6 6. Bb3 d5 7. d4 c4 8. Bc2 Be7 9. O-O O-O 10. Bf4 N6d7 11. Nbd2 b5 12. Re1 Nc6 13. Nf1 b4 14. g3 bxc3 15. bxc3 Qa5 16. Qd2 Rb8 17. h4 g6 18. a4 Ba6 19. Ne3 Rb7 20. Bg5 f6 21. exf6 Bxf6 22. Nd1 Bg7 23. Kg2 e5 24. dxe5 Ndxe5 25. Nxe5 Nxe5 26. Bh6 Nf3 27. Qe3 Nxe1+ 28. Qxe1 Bxh6 29. Qe6+ Rbf7 30. h5 Bc8 31. Qd6 Rd8 32. Qe5 Bf5 33. hxg6 Bxg6 34. Bxg6 hxg6 35. Rb1 Qxa4 36. Qe6 Kg7 37. Qe5+ Kh7 38. f4 Qc2+ 39. Nf2 Qxb1 40. Qd4 Bg7 41. Qe3 Rb8 42. Kh3 Rb2 43. Qe8 Rxf2 44. Qxf7 Qh1+ 0-1

[Event "VI Floripa Open 2020"]
[Site "Florianopolis"]
[Date "2020.01.20"]
[Round "1.113"]
[White "Sabadin, Rosan"]
[Black "Arndt, Claudio Felipe"]
[Result "0-1"]
[WhiteElo "1412"]
[BlackElo "1728"]
[Annotator "NA"]
[PlyCount "102"]
[EventDate "2020.01.20"]
[EventType "swiss"]
[EventRounds "10"]
[EventCountry "BRA"]
[SourceTitle "playchess.com"]
[Source "ChessBase"]
[SourceQuality "1"]
[TimeControl "5400+30"]

1. e4 c6 2. d4 d5 3. exd5 cxd5 4. Nf3 Nf6 5. Be2 Nc6 6. O-O Bg4 7. h3 Bh5 8. c3 e6 9. Qb3 Qc8 10. Bg5 Bxf3 11. Bxf3 Be7 12. Nd2 O-O 13. Rfe1 a6 14. Rad1 b5 15. Nf1 Na5 16. Qc2 Qc7 17. Bh4 Rac8 18. Bg3 Bd6 19. Qd3 Bxg3 20. Nxg3 Nc4 21. Qb1 a5 22. b3 Nd6 23. Rc1 Qb6 24. Qd3 Rc7 25. Rc2 Rfc8 26. Rec1 g6 27. Qe3 Kg7 28. h4 b4 29. h5 Nd7 30. h6+ Kg8 31. Be2 Nb5 32. Bxb5 Qxb5 33. Ne2 Qb6 34. c4 dxc4 35. bxc4 Qd6 36. c5 Qe7 37. Nf4 Qg5 38. Nd3 Qxe3 39. fxe3 f5 40. Rf1 Nf6 41. Nf4 Kf7 42. Nh3 Ne4 43. g4 a4 44. Kg2 Rb8 45. Rf4 b3 46. axb3 axb3 47. Rb2 Ra7 48. gxf5 gxf5 49. Rf1 Ra2 50. Rxa2 bxa2 51. Kf3 Nd2+ 0-1

[Event "VI Floripa Open 2020"]
[Site "Florianopolis"]
[Date "2020.01.20"]
[Round "1.114"]
[White "Fontenele, Edson Guilherme Lope"]
[Black "Blau, Vitoria Caroline"]
[Result "0-1"]
[WhiteElo "1727"]
[BlackElo "1409"]
[Annotator "NA"]
[PlyCount "62"]
[EventDate "2020.01.20"]
[EventType "swiss"]
[EventRounds "10"]
[EventCountry "BRA"]
[SourceTitle "playchess.com"]
[Source "ChessBase"]
[SourceQuality "1"]
[TimeControl "5400+30"]

1. e4 c5 2. Nf3 d6 3. Nc3 Nf6 4. Be2 Nc6 5. O-O g6 6. d4 cxd4 7. Nxd4 Bg7 8. Nxc6 bxc6 9. Bf4 O-O 10. Bf3 Nd7 11. Re1 Bb7 12. Qd2 Ne5 13. Be2 Qc7 14. Rad1 Rfd8 15. a4 a5 16. Qe3 Ba6 17. Bxe5 Bxe5 18. g3 Bxe2 19. Rxe2 Bg7 20. b3 Rac8 21. Nb1 Rd7 22. c3 c5 23. Na3 Qb7 24. Nb5 c4 25. b4 axb4 26. cxb4 Qa6 27. Qa3 Rb7 28. Rd5 Ra8 29. Qc1 c3 30. Ra2 Qc6 31. Nd4 Qc4 0-1

[Event "VI Floripa Open 2020"]
[Site "Florianopolis"]
[Date "2020.01.20"]
[Round "1.115"]
[White "Zottis, Ernani"]
[Black "Panazzolo, Paulo Victor"]
[Result "0-1"]
[WhiteElo "1404"]
[BlackElo "1727"]
[Annotator "NA"]
[PlyCount "98"]
[EventDate "2020.01.20"]
[EventType "swiss"]
[EventRounds "10"]
[EventCountry "BRA"]
[SourceTitle "playchess.com"]
[Source "ChessBase"]
[SourceQuality "1"]
[TimeControl "5400+30"]

1. e4 c5 2. Bc4 Nc6 3. Nc3 g6 4. Nf3 Bg7 5. O-O Nf6 6. d3 O-O 7. Bf4 a6 8. a3 b5 9. Ba2 Bb7 10. Ne2 d5 11. e5 Nh5 12. Bg5 Nxe5 13. Nxe5 Bxe5 14. c3 Qc7 15. f4 Bd6 16. Qd2 e5 17. f5 e4 18. f6 Bxh2+ 19. Kh1 exd3 20. Bf4 Bxf4 21. Nxf4 Nxf6 22. Nh3 Ne4 23. Qf4 Qxf4 24. Rxf4 Rae8 25. Rd1 c4 26. b3 Ng3+ 27. Kh2 Ne2 28. Rh4 Nxc3 29. Ra1 Re2 30. Bb1 Re1 31. Ng1 Rxb1 32. Rxb1 Nxb1 33. bxc4 dxc4 34. Re4 Nxa3 35. Nh3 b4 36. Re7 c3 37. Nf2 Bc6 38. Rc7 Bb5 39. Ne4 d2 40. Nf2 c2 41. Rxc2 Nxc2 42. Nd1 Be2 43. Nf2 d1=Q 44. Nxd1 Bxd1 45. Kh3 b3 46. Kh4 b2 47. Kg5 b1=Q 48. g4 f6+ 49. Kh6 Qc1+ 0-1

[Event "VI Floripa Open 2020"]
[Site "Florianopolis"]
[Date "2020.01.20"]
[Round "1.116"]
[White "Bonfim, Regina Rodrigues"]
[Black "Nunes, Lucas Alexandre"]
[Result "1-0"]
[WhiteElo "1726"]
[BlackElo "1388"]
[Annotator "NA"]
[PlyCount "77"]
[EventDate "2020.01.20"]
[EventType "swiss"]
[EventRounds "10"]
[EventCountry "BRA"]
[SourceTitle "playchess.com"]
[Source "ChessBase"]
[SourceQuality "1"]
[TimeControl "5400+30"]

1. d4 d5 2. c4 e6 3. Nf3 Nf6 4. Bg5 Be7 5. e3 Nc6 6. Nc3 O-O 7. Bd3 h6 8. Bh4 b6 9. O-O Ba6 10. b3 Na5 11. cxd5 Bxd3 12. Qxd3 Nxd5 13. Nxd5 Bxh4 14. Nxh4 exd5 15. Nf3 Qd6 16. Qc3 Rac8 17. Rfc1 Nb7 18. b4 Rfe8 19. a4 a5 20. b5 Re7 21. Qc6 Qxc6 22. Rxc6 Nd6 23. Nd2 Ne4 24. Nf3 Nd6 25. Ne5 f6 26. Ng6 Rd7 27. Rac1 Nc4 28. Nh4 Nb2 29. Ra1 Rf7 30. Rc2 g5 31. Rxb2 gxh4 32. Kf1 Re7 33. g3 c5 34. bxc6 Rxc6 35. Rb5 Rd7 36. Rab1 Rdd6 37. Ke1 Kf7 38. R1b3 Ke6 39. h3 {Ilegivel} 1-0

[Event "VI Floripa Open 2020"]
[Site "Florianopolis"]
[Date "2020.01.20"]
[Round "1.117"]
[White "Hataby, Raed"]
[Black "Carneiro, Vitor Roberto Castro"]
[Result "0-1"]
[WhiteElo "1963"]
[BlackElo "2432"]
[Annotator "ChessBase"]
[PlyCount "86"]
[EventDate "2020.01.20"]
[EventType "swiss"]
[EventRounds "10"]
[EventCountry "BRA"]
[SourceTitle "playchess.com"]
[Source "ChessBase"]
[SourceQuality "1"]
[TimeControl "5400+30"]

1. e4 c6 2. d4 d5 3. e5 Bf5 4. h4 h6 5. g4 Bd7 6. f4 e6 7. h5 c5 8. c3 Qb6 9. Nf3 Nc6 10. Rh2 f6 11. Be3 O-O-O 12. Qb3 Qa5 13. Nbd2 Kb8 14. O-O-O c4 15. Nxc4 dxc4 16. Bxc4 Nge7 17. exf6 gxf6 18. Bxe6 Bxe6 19. Qxe6 Nd5 20. Kb1 Bd6 21. Bc1 Nxf4 22. Bxf4 Bxf4 23. Re2 Rhf8 24. Nh4 Bg5 25. Ng6 Rg8 26. Rf1 Qb5 27. Qe4 Na5 28. Rf5 Qb6 29. Qd3 Rge8 30. Rf1 Rxe2 31. Qxe2 Qd6 32. Re1 Nc6 33. Qf3 a6 34. Qe4 a5 35. a4 Qd7 36. b3 Bd2 37. Rd1 Bxc3 38. d5 Nb4 39. Ne7 Be5 40. d6 Qxe7 41. Qxb4 Rxd6 42. Qe1 Rxd1+ 43. Qxd1 Qd6 0-1

[Event "VI Floripa Open 2020"]
[Site "Florianopolis"]
[Date "2020.01.20"]
[Round "1.118"]
[White "Nunes dos Santos, Rafael"]
[Black "Machado, Antonio Rodrigo"]
[Result "0-1"]
[WhiteElo "1385"]
[BlackElo "1726"]
[Annotator "NA"]
[PlyCount "54"]
[EventDate "2020.01.20"]
[EventType "swiss"]
[EventRounds "10"]
[EventCountry "BRA"]
[SourceTitle "playchess.com"]
[Source "ChessBase"]
[SourceQuality "1"]
[TimeControl "5400+30"]

1. h3 e5 2. a3 d5 3. g4 Bd6 4. Bg2 c6 5. b4 Be6 6. c3 Nd7 7. e4 Ne7 8. d3 Ng6 9. exd5 cxd5 10. Nf3 Rc8 11. Bb2 O-O 12. h4 Bxg4 13. h5 Nf4 14. Kf1 Nxg2 15. Rg1 Qf6 16. c4 Bxf3 17. Qd2 Nf4 18. c5 Bb8 19. Rxg7+ Qxg7 20. Qxf4 Qg2+ 21. Ke1 exf4 22. Kd2 Qxf2+ 23. Kc3 Be5+ 24. Kb3 Qxb2+ 25. Ka4 Bd1+ 26. Ka5 Bc7+ 27. Kb5 a6# 0-1

[Event "VI Floripa Open 2020"]
[Site "Florianopolis"]
[Date "2020.01.20"]
[Round "1.119"]
[White "Melo, Sergio Roberto Sampa"]
[Black "Warginowski, Leticia"]
[Result "1/2-1/2"]
[WhiteElo "1724"]
[BlackElo "1383"]
[Annotator "NA"]
[PlyCount "88"]
[EventDate "2020.01.20"]
[EventType "swiss"]
[EventRounds "10"]
[EventCountry "BRA"]
[SourceTitle "playchess.com"]
[Source "ChessBase"]
[SourceQuality "1"]
[TimeControl "5400+30"]

1. Nf3 d5 2. c4 e6 3. g3 Nf6 4. Bg2 Be7 5. O-O O-O 6. b3 c5 7. cxd5 exd5 8. d4 Ne4 9. Bb2 Bf6 10. Nbd2 Nc6 11. e3 Bg4 12. h3 Nxd2 13. Qxd2 Bxf3 14. Bxf3 cxd4 15. exd4 Qd7 16. Kg2 Rad8 17. Rac1 Qf5 18. Bg4 Qe4+ 19. Bf3 Qg6 20. Be2 Nxd4 21. Bxd4 Qe4+ 22. Bf3 Qxd4 23. Qxd4 Bxd4 24. Rcd1 Bc5 25. Bxd5 b6 26. Bc4 g6 27. f4 Kg7 28. Kf3 Rfe8 29. Rxd8 Rxd8 30. Re1 Rd2 31. Re2 Rxe2 32. Kxe2 f5 33. Kf3 Kf6 34. g4 h6 35. a4 a5 36. Bd3 h5 37. gxf5 gxf5 38. Kg3 Kg6 39. Bb5 Be7 40. Be8+ Kh6 41. Bd7 Kg6 42. Be8+ Kh6 43. Bd7 Kg6 44. Be8+ Kh6 1/2-1/2

[Event "VI Floripa Open 2020"]
[Site "Florianopolis"]
[Date "2020.01.20"]
[Round "1.120"]
[White "Moretto, Leticia Soares"]
[Black "Cardoso, Lucca Pimenta"]
[Result "0-1"]
[WhiteElo "1376"]
[BlackElo "1722"]
[Annotator "NA"]
[PlyCount "122"]
[EventDate "2020.01.20"]
[EventType "swiss"]
[EventRounds "10"]
[EventCountry "BRA"]
[SourceTitle "playchess.com"]
[Source "ChessBase"]
[SourceQuality "1"]
[TimeControl "5400+30"]

1. d4 d5 2. c4 e6 3. Nc3 Nf6 4. Bf4 c6 5. e3 Nbd7 6. Nf3 Be7 7. Be2 O-O 8. O-O dxc4 9. Bxc4 b5 10. Bb3 Bb7 11. a3 a6 12. Rc1 c5 13. dxc5 Nxc5 14. Bc2 Qb6 15. Qe2 Rac8 16. Rfd1 Rfd8 17. Rxd8+ Rxd8 18. Rd1 b4 19. axb4 Qxb4 20. Rxd8+ Bxd8 21. Qd2 Bb6 22. Ne5 Nd5 23. Nd3 Qa5 24. Nxc5 Bxc5 25. Bg3 Bb4 26. Be5 f6 27. e4 fxe5 28. exd5 exd5 29. Bb3 Kf8 30. Qd3 Bxc3 31. bxc3 Qa1+ 32. Bd1 Bc6 33. Qf5+ Ke7 34. Qxe5+ Kf7 35. Qd4 Qb1 36. h3 Qe4 37. Qxe4 dxe4 38. Bb3+ Kf6 39. Kf1 Ke5 40. Ke2 e3 41. f3 Kf4 42. c4 Kg3 43. Bc2 h6 44. Be4 Bd7 45. c5 Kxg2 46. c6 Bxh3 47. f4+ Kg1 48. f5 Bf1+ 49. Kxe3 Bb5 50. c7 Bd7 51. Bb7 Bxf5 52. Bxa6 g5 53. c8=Q Bxc8 54. Bxc8 Kg2 55. Bb7+ Kg3 56. Ke2 h5 57. Kf1 Kh2 58. Kf2 g4 59. Bg2 h4 60. Bf3 g3+ 61. Kf1 h3 0-1

[Event "VI Floripa Open 2020"]
[Site "Florianopolis"]
[Date "2020.01.20"]
[Round "1.121"]
[White "Davanso, Joao Pedro"]
[Black "Balbinotti, Rafael Tiago Busanel"]
[Result "1-0"]
[WhiteElo "1719"]
[BlackElo "1375"]
[Annotator "NA"]
[PlyCount "63"]
[EventDate "2020.01.20"]
[EventType "swiss"]
[EventRounds "10"]
[EventCountry "BRA"]
[SourceTitle "playchess.com"]
[Source "ChessBase"]
[SourceQuality "1"]
[TimeControl "5400+30"]

1. e4 c6 2. d4 d5 3. exd5 cxd5 4. Nf3 Bf5 5. Bb5+ Nc6 6. O-O Nf6 7. Ne5 Qc7 8. Bf4 Qb6 9. Ba4 Rc8 10. b3 e6 11. c4 dxc4 12. bxc4 Qb2 13. Qb3 Qxb3 14. axb3 Be7 15. Bxc6+ bxc6 16. Rxa7 Bc2 17. Nc3 Bxb3 18. Rb1 Bc2 19. Rb2 Bg6 20. Rbb7 Ng8 21. h3 f6 22. Nxg6 hxg6 23. Ne4 Rh4 24. g3 Rxh3 25. Nd6+ Bxd6 26. Bxd6 Rh7 27. Rf7 Rc7 28. Raxc7 Ne7 29. Rfxe7+ Kd8 30. Ra7 Rh1+ 31. Kxh1 c5 32. Ra8# 1-0

[Event "VI Floripa Open 2020"]
[Site "Florianopolis"]
[Date "2020.01.20"]
[Round "1.122"]
[White "Silva, Kelvyr Peres"]
[Black "Kim, Thiago"]
[Result "0-1"]
[WhiteElo "1374"]
[BlackElo "1717"]
[Annotator "NA"]
[PlyCount "144"]
[EventDate "2020.01.20"]
[EventType "swiss"]
[EventRounds "10"]
[EventCountry "BRA"]
[SourceTitle "playchess.com"]
[Source "ChessBase"]
[SourceQuality "1"]
[TimeControl "5400+30"]

1. e4 c5 2. Nc3 e6 3. d3 Nc6 4. f4 d5 5. Nf3 Nf6 6. Bd2 Be7 7. Be2 dxe4 8. dxe4 O-O 9. Rb1 b6 10. O-O Bb7 11. a3 Rc8 12. e5 Nd5 13. Bd3 Nxc3 14. Bxc3 Qc7 15. Be4 Rfd8 16. Qe1 Ba6 17. Rf2 Nd4 18. Bxd4 cxd4 19. Rd2 Bc4 20. Qg3 Bd5 21. Bd3 g6 22. Kh1 Bc6 23. Ba6 Rb8 24. Nxd4 b5 25. Qc3 Bc5 26. a4 Bxd4 27. Rxd4 Rxd4 28. Qxd4 bxa4 29. Bd3 Rd8 30. Qc3 Qb7 31. Qd2 Bb5 32. Qb4 a6 33. h3 Qd7 34. Rd1 Qc6 35. Rd2 Bxd3 36. Rxd3 Rxd3 37. cxd3 a5 38. Qd4 Kg7 39. Qc4 Qb6 40. Qa2 Qb3 41. Qa3 Qb4 42. f5 gxf5 43. Kh2 Kg6 44. Kg3 Qe1+ 45. Kf3 Qxe5 46. Qxa4 Qd5+ 47. Kf2 Qxd3 48. Qxa5 Qd4+ 49. Kf3 Qxb2 50. Qd8 Qb3+ 51. Kf2 Qc2+ 52. Kf3 Qe4+ 53. Kf2 Qf4+ 54. Ke2 Qe5+ 55. Kf2 f4 56. Qg8+ Qg7 57. Qa8 Qd4+ 58. Ke2 Qc4+ 59. Kf2 Qc2+ 60. Kf3 Qc3+ 61. Ke2 Qc4+ 62. Kf2 Qd4+ 63. Ke2 Qe3+ 64. Kf1 Kg7 65. Qd8 f3 66. Qd1 Qe2+ 67. Qxe2 fxe2+ 68. Kxe2 Kf6 69. Kf3 Ke5 70. Ke3 h5 71. h4 Kf5 72. Kf3 e5 0-1

[Event "VI Floripa Open 2020"]
[Site "Florianopolis"]
[Date "2020.01.20"]
[Round "1.123"]
[White "Pereira, Armando Scharlau"]
[Black "Reis, Caio Jose de Carvalh"]
[Result "1-0"]
[WhiteElo "1716"]
[BlackElo "1372"]
[Annotator "NA"]
[PlyCount "87"]
[EventDate "2020.01.20"]
[EventType "swiss"]
[EventRounds "10"]
[EventCountry "BRA"]
[SourceTitle "playchess.com"]
[Source "ChessBase"]
[SourceQuality "1"]
[TimeControl "5400+30"]

1. d4 Nf6 2. Nf3 d6 3. Bf4 g6 4. Nbd2 Bg7 5. e3 O-O 6. Be2 Nbd7 7. h3 c5 8. c3 b6 9. O-O Bb7 10. Qc2 Rc8 11. Rad1 Re8 12. Rfe1 Nh5 13. Bh2 cxd4 14. Nxd4 Nhf6 15. Bg3 Nc5 16. Bb5 Rf8 17. f3 a6 18. Bf1 e5 19. N4b3 Nh5 20. Bf2 f5 21. Nxc5 bxc5 22. Qb3+ Rf7 23. Nc4 d5 24. Nb6 c4 25. Bxc4 Rxc4 26. Nxc4 Qf6 27. Nb6 d4 28. Nd5 Qd6 29. c4 Bxd5 30. cxd5 dxe3 31. Qxe3 Rc7 32. Rc1 f4 33. Qb3 Rxc1 34. Rxc1 h6 35. Rc6 Qd7 36. Rxa6 Kh7 37. Qd3 Nf6 38. d6 h5 39. Ra7 Qc6 40. d7 e4 41. Qc3 Qd6 42. Qd4 Qc6 43. d8=Q Ng4 44. Qxg7# 1-0

[Event "VI Floripa Open 2020"]
[Site "Florianopolis"]
[Date "2020.01.20"]
[Round "1.124"]
[White "Lanznaster, Rafael"]
[Black "Peroza, Eduardo Antunes"]
[Result "0-1"]
[WhiteElo "1369"]
[BlackElo "1712"]
[Annotator "NA"]
[PlyCount "90"]
[EventDate "2020.01.20"]
[EventType "swiss"]
[EventRounds "10"]
[EventCountry "BRA"]
[SourceTitle "playchess.com"]
[Source "ChessBase"]
[SourceQuality "1"]
[TimeControl "5400+30"]

1. c4 e5 2. Nc3 g6 3. g3 Bg7 4. Bg2 Ne7 5. Nf3 Nbc6 6. O-O O-O 7. d3 d6 8. Rb1 f5 9. a3 h6 10. Qc2 g5 11. b4 g4 12. Nd2 f4 13. Nce4 Nf5 14. Bb2 Ncd4 15. Bxd4 Nxd4 16. Qd1 f3 17. exf3 gxf3 18. Nxf3 Bg4 19. Ned2 Qf6 20. Ne4 Nxf3+ 21. Bxf3 Qxf3 22. Qxf3 Rxf3 23. Rbd1 a5 24. b5 Bf5 25. Rfe1 Bxe4 26. Rxe4 Rd8 27. Kg2 Rf7 28. Rg4 Kf8 29. a4 d5 30. c5 Bf6 31. Rg6 Be7 32. c6 bxc6 33. Rxc6 Bd6 34. Ra6 Ke7 35. Rxa5 Rdf8 36. Rf1 Rf3 37. Ra7 Rxf2+ 38. Rxf2 Rxf2+ 39. Kh3 Rb2 40. Rb7 e4 41. dxe4 dxe4 42. a5 e3 43. a6 e2 44. a7 e1=Q 45. a8=Q Qe6+ 0-1

[Event "VI Floripa Open 2020"]
[Site "Florianopolis"]
[Date "2020.01.20"]
[Round "1.125"]
[White "Moritz, Diego Homrich"]
[Black "Mendes, Ana Beatriz Dias Gui"]
[Result "1-0"]
[WhiteElo "1700"]
[BlackElo "1362"]
[Annotator "NA"]
[PlyCount "64"]
[EventDate "2020.01.20"]
[EventType "swiss"]
[EventRounds "10"]
[EventCountry "BRA"]
[SourceTitle "playchess.com"]
[Source "ChessBase"]
[SourceQuality "1"]
[TimeControl "5400+30"]

1. e4 e5 2. Nf3 Nc6 3. Bb5 a6 4. Bxc6 dxc6 5. d4 exd4 6. Qxd4 Qxd4 7. Nxd4 Bc5 8. Be3 Nf6 9. c3 Bd7 10. Nd2 O-O-O 11. N2b3 Bb6 12. O-O-O c5 13. Nf5 Bxf5 14. exf5 c4 15. Nd4 c5 16. Ne2 Rhe8 17. Rxd8+ Bxd8 18. Kd2 Re5 19. g4 Bb6 20. a3 Rd5+ 21. Ke1 h5 22. h3 Bc7 23. Nf4 Bxf4 24. Bxf4 b5 25. Ke2 b4 26. Rd1 Rxd1 27. Kxd1 Nd5 28. Bd2 hxg4 29. hxg4 Kd7 30. Ke2 Kd6 31. Kf3 Ke5 32. Be1 Kd6 1-0

[Event "VI Floripa Open 2020"]
[Site "Florianopolis"]
[Date "2020.01.20"]
[Round "1.126"]
[White "Pimentel, Lucas dos Santos"]
[Black "Dos Santos, Guilherme Fortes"]
[Result "0-1"]
[WhiteElo "1353"]
[BlackElo "1698"]
[Annotator "NA"]
[PlyCount "90"]
[EventDate "2020.01.20"]
[EventType "swiss"]
[EventRounds "10"]
[EventCountry "BRA"]
[SourceTitle "playchess.com"]
[Source "ChessBase"]
[SourceQuality "1"]
[TimeControl "5400+30"]

1. d4 d5 2. Bf4 Nf6 3. e3 Bf5 4. Nf3 Nbd7 5. Bd3 Bg6 6. h3 e6 7. O-O Be7 8. Bxg6 hxg6 9. Nbd2 O-O 10. c4 c6 11. c5 b6 12. cxb6 axb6 13. Qc2 c5 14. Bh2 Qc8 15. Rfc1 Qa6 16. Nb1 Rfc8 17. Nc3 b5 18. dxc5 b4 19. Nd1 Nxc5 20. Qd2 Nd3 21. Rxc8+ Rxc8 22. b3 Ne4 23. Qe2 Rc6 24. Nd4 Bf6 25. Nxc6 Bxa1 26. Be5 Nc3 27. Bxc3 bxc3 28. Ne5 Nb4 29. Qxa6 Nxa6 30. Nxc3 Bxc3 31. Nd7 f6 32. Kf1 Kf7 33. Nb6 Ke7 34. Ke2 Nc5 35. Nc8+ Kd7 36. Na7 Ba5 37. Nb5 Kc6 38. Nd4+ Kd7 39. a3 Bc3 40. Nb5 Bb2 41. b4 Na6 42. Kd3 Kc6 43. Nd4+ Bxd4 44. exd4 Kb5 45. Kc3 Ka4 0-1